000 00734nam a2200241 i 4500
001 14186
003 ES-MaACL
005 20250619094758.0
007 t|
008 000000s1985 sp ao |||| | spa j
020 _a84-85983-50-5
080 _a914.641M.(084)
080 _a39(464.1M.)
100 1 _aCarandell, Luis,
_d1929-2002
_934959
245 1 3 _aUn paseo por Madrid /
_cLuis Carandell, Ramón Masats.
260 _aBarcelona :
_bLunwerg,
_c1985.
300 _a[108] p. :
_bil. col., fot. ;
_c24 x 31 cm.
651 4 _aMadrid-
_xUsos y costumbres.
_98987
651 4 _aMadrid-
_vObras ilustradas.
_98976
700 0 _aMasats, Ramón,
_d1931-2024
_978672
852 _aES-MaACL
_jL-21485
999 _c14186
_d14186